Ethnograpgy : (Record no. 9017)

MARC details
000 -LEADER
fixed length control field 00604nam a22002177a 4500
003 - CONTROL NUMBER IDENTIFIER
control field OSt
005 - DATE AND TIME OF LATEST TRANSACTION
control field 20240628115655.0
008 - FIXED-LENGTH DATA ELEMENTS--GENERAL INFORMATION
fixed length control field 240628b |||||||| |||| 00| 0 eng d
020 ## - INTERNATIONAL STANDARD BOOK NUMBER
International Standard Book Number 0415045177
040 ## - CATALOGING SOURCE
Transcribing agency MUST
082 ## - DEWEY DECIMAL CLASSIFICATION NUMBER
Classification number 306.O1 HAN1983
100 ## - MAIN ENTRY--PERSONAL NAME
Personal name Hammersley, Martyn
9 (RLIN) 18333
245 ## - TITLE STATEMENT
Title Ethnograpgy :
Remainder of title principles in practice /
Statement of responsibility, etc. Martyn Hammersley, Paul Atkinson
260 ## - PUBLICATION, DISTRIBUTION, ETC. (IMPRINT)
Place of publication, distribution, etc. London
Name of publisher, distributor, etc. Routledge
Date of publication, distribution, etc. 1983
300 ## - PHYSICAL DESCRIPTION
Extent x,273p.:
Dimensions 21cm.
504 ## - BIBLIOGRAPHY, ETC. NOTE
Bibliography, etc Includes index
650 ## - SUBJECT ADDED ENTRY--TOPICAL TERM
Topical term or geographic name as entry element Field work
9 (RLIN) 18334
650 ## - SUBJECT ADDED ENTRY--TOPICAL TERM
Topical term or geographic name as entry element Social studies
9 (RLIN) 12766
700 ## - ADDED ENTRY--PERSONAL NAME
Personal name Paul, Atkinson
9 (RLIN) 18335
942 ## - ADDED ENTRY ELEMENTS (KOHA)
Source of classification or shelving scheme Dewey Decimal Classification
Koha item type Open Shelf
Holdings
Withdrawn status Lost status Source of classification or shelving scheme Damaged status Not for loan Home library Current library Date acquired Source of acquisition Inventory number Total Checkouts Full call number Barcode Date last seen Price effective from Koha item type
    Dewey Decimal Classification     MUST Main Library MUST Main Library 28/06/2024 Donation 1997/10994   306.O1 HAN1983 2024-21613 28/06/2024 28/06/2024 Open Shelf